| 000 | 00919nam a2200277 i 4500 | ||
|---|---|---|---|
| 001 | 169255 | ||
| 003 | ES-MaACL | ||
| 005 | 20250814011835.0 | ||
| 008 | 080826s2005 sp |||| | spa d | ||
| 017 | _aM-26.851-2005 | ||
| 020 | _a84-95433-16-8 | ||
| 080 | _a615.9 | ||
| 080 | _a57 | ||
| 245 | 0 | 0 |
_aAvances en biomedicina y biopatología / _c[directores, Fernando Bandrés, Félix Gómez-Gallego]. |
| 260 |
_aMadrid : _bUniversidad Europea de Madrid, _c2005. |
||
| 300 |
_a284 p. : _bil. col., graf. ; _c24 cm. |
||
| 490 | 1 | _aAvances en ciencias de la salud y de la vida | |
| 504 | _aBibliografía. | ||
| 650 | 4 |
_aToxicología. _9136941 |
|
| 650 | 1 | 7 |
_aBiología _2embne _910580 |
| 700 | 1 |
_aBandrés Moya, Fernando. _9138338 |
|
| 700 | 1 |
_aGómez-Gallego, Félix. _9138339 |
|
| 830 | 0 |
_aAvances en ciencias de la salud y de la vida _9222803 |
|
| 852 |
_aES-MaACL _jL-29725 |
||
| 999 |
_c169255 _d169255 |
||